000 01184nam a2200337 c 4500
003 BLK
005 20250320130149.0
008 180409b bul|||||r ||||||| ||bul||
010 _aKNG00112973000
020 _a954-8615-40-1
_bиздат.: Световна библ.
040 _aBLK
041 _aBUL
_cBUL
080 _aБългарска литература
_b821.163.2
_x-312.4
_z821.163.2-312.4
100 _aТренев, Иван Александров
_9372436
139 _aТренев, Иван Александров
_bТ 82
245 1 0 _aТриумфът на хиените
_bРоман
_cИван Александров Тренев.
257 _aBGR
260 София
_bСветовна библ.
_c2004
_fКостинброд : Мултипринт
300 _a608 с.
_c22 см
380 _aX
490 1 _aПоредица Пари и страсти
500 _aОфс. изд.
653 _aкрими
653 _aромани
852 _aЦб 219454
856 4 _qpdf
_u
856 4 _qpdf
_u
942 _cKNG
_n0
_018
944 _aCR
_c11.05.2004
_k30575
_lМартин Енчев
944 _aED
_c08.04.2014
_k
999 _c107682
_d107682